00781 2200301 4500001002100000005001500021035002000036007000300056040001700059100002500076245001100101250001200112300003000124041000800154082001400162084002000176090002200196264004400218336002100262337003000283338002300313650001100336850001000347008004100357020002200398700003600420990002300456INLIS00000000000484720260518032402 a0010-0122000479ta aSBPUPADbind0 aTere LiyeePengarang1 aPulang a.-cet.2 a395 hlm. :bilus ;c20 cm0 aind a899.221.3 a899.221.3 TER p a371.3 WIN i L9-R6 a.--Depok :bSabak Grip Nusantara,c2021 2rdacontentaTeks 2rdamediaaTanpa Perantara 2rdacarrieravolume 4aPulang aPUPAD260518 0  a978-625-95545-0-70 aEditor, Diana HayatiePengarang a36.061/BR/DPK/2021